000 01162nam a2200277 a 4500
001 000017271
003 DO-SdBNP
005 20250401145955.0
008 100322s2000 dr ac 000 0 spa d
040 _aDO-SdBNP
_bspa
_cBNPHU
049 _aBNPD
082 _aR 398.097293
_bT266c
100 1 _aTejada Ortiz, Dagoberto,
_d1940-
_933526
245 1 0 _aCalendario folklórico dominicano /
_cDagoberto Tejada Ortíz, Iván Dominguez, José Castillo Méndez ; Prólogo Marcio Veloz Maggiolo.
260 _aSanto Domingo :
_bInstituto Dominicano de Folklore
_bGrupo León Jiménez,
_c2000.
300 _a95 p. :
_bil., retrs. ;
_c28 cm.
586 _aLa biblioteca posee 1 ejemplar autografiado por el autor
650 0 _aFolclore
_zRepública Dominicana
_xCalendarios
_933448
650 4 _aCulturas tradicionales
_zRepública Dominicana
_xCalendarios
_937927
651 4 _aRepública Dominicana
_xVida Social Y Costumbres
_xCalendarios
_937926
700 1 _aCastillo Méndez, José
_937928
700 1 _aDominguez, Iván
_918981
700 1 _aVeloz Maggiolo, Marcio,
_d1936-2021
_epról.
_91104
910 _aValidado. Control de la calidad EMS.
942 _2ddc
_cLBS1
999 _c16796
_d16796